| 000 | 00412nam a2200145Ia 4500 | ||
|---|---|---|---|
| 008 | 151213s9999 xx 000 0 und d | ||
| 100 | _aAbu Taher Mojumder. | ||
| 245 |
_aGlimpse into Eighteenth Century _cAbu Taher Mojumder. |
||
| 260 |
_aDhaka _bMohiuddin and Sons _c1980 |
||
| 300 | _a8874 p. | ||
| 650 | _aEnglish Literature | ||
| 650 | _aEnglish Literature | ||
| 700 | _aAbu Taher Mojumder. | ||
| 999 |
_c4659 _d4659 |
||